LEADER 01923oam 2200469M 450 001 9910716492703321 005 20200213070919.1 035 $a(CKB)5470000002521214 035 $a(OCoLC)1065606215 035 $a(OCoLC)995470000002521214 035 $a(EXLCZ)995470000002521214 100 $a20071213d1927 ua 0 101 0 $aeng 135 $aurcn||||||||| 181 $ctxt$2rdacontent 182 $cc$2rdamedia 183 $acr$2rdacarrier 200 10$aTo authorize the Secretary of the Navy to dispose of the former naval radio station, Marshfield, Oreg. February 3, 1927. -- Committed to the Committee of the Whole House on the State of the Union and ordered to be printed 210 1$a[Washington, D.C.] :$c[U.S. Government Printing Office],$d1927. 215 $a1 online resource (2 pages) 225 1 $aHouse report / 69th Congress, 2nd session. House ;$vno. 1961 225 1 $a[United States congressional serial set] ;$v[serial no. 8689] 300 $aBatch processed record: Metadata reviewed, not verified. Some fields updated by batch processes. 300 $aFDLP item number not assigned. 606 $aEconomic conversion 606 $aRadio stations 606 $aGovernment auctions 606 $aFinance, Public 608 $aLegislative materials.$2lcgft 615 0$aEconomic conversion. 615 0$aRadio stations. 615 0$aGovernment auctions. 615 0$aFinance, Public. 701 $aWoodruff$b Roy O$g(Roy Orchard),$f1876-1953$pRepublican (MI)$01397940 801 0$bWYU 801 1$bWYU 801 2$bOCLCO 801 2$bOCLCQ 906 $aBOOK 912 $a9910716492703321 996 $aTo authorize the Secretary of the Navy to dispose of the former naval radio station, Marshfield, Oreg. February 3, 1927. -- Committed to the Committee of the Whole House on the State of the Union and ordered to be printed$93505509 997 $aUNINA LEADER 02844nam 22005773u 450 001 9910782382103321 005 20230721033044.0 010 $a1-282-49614-X 010 $a9786612496141 010 $a0-7425-5745-6 035 $a(CKB)1000000000542932 035 $a(EBL)467480 035 $a(OCoLC)276167992 035 $a(SSID)ssj0000242820 035 $a(PQKBManifestationID)12040350 035 $a(PQKBTitleCode)TC0000242820 035 $a(PQKBWorkID)10310755 035 $a(PQKB)10883064 035 $a(MiAaPQ)EBC467480 035 $a(EXLCZ)991000000000542932 100 $a20141117d2009 uy 0 101 0 $aeng 135 $aur|n||||||||| 181 $ctxt 182 $cc 183 $acr 200 14$aThe Second Indochina War$b[electronic resource] $ea concise political and military history /$fWilliam S. Turley 205 $a2nd ed. 210 $aLanham $cRowman & Littlefield Publishers$d[2009] 215 $a1 online resource (336 p.) 300 $aDescription based upon print version of record. 311 $a0-7425-5525-9 327 $aContents; Figures, Maps, and Tables; About the Book; Preface; Abbreviations; Chronology; Introduction; Chapter 01. Legacies of Time; Chapter 02. Between Two Wars; Between Two Wars; Chapter 03. Fateful Decisions; Chapter 04. Americanization; Chapter 05. Air War; Chapter 06. Tet; Chapter 07. The Road to Paris; Chapter 08. After the Americans; Chapter 09. Of Lessons and Their Price; Appendix A: Annual Troop Movement from North to South and Casualties en Route, May 1959 to April 1975-Group 559 and American Estimates; Appendix B: Revolutionary Armed Forces and Population in the B2 Theater 327 $aFurther ReadingIndex; About the Author 330 $aNow in a thoroughly revised and updated edition, this classic history of the ""Vietnam Wa""' as seen by all participants takes into account the wealth of research and writing on the war since the book's original publication more than two decades ago. Leading scholar William S. Turley combines original research, thorough knowledge of the literature, his own insight from many trips to Vietnam during and since the war, and sound interpretation into a succinct and well-crafted analysis that provides balanced treatment of the Vietnamese, Lao, Khmer, and American dimensions of the war. 606 $aVietnam War, 1961-1975 606 $aSoutheast Asia$2HILCC 607 $aVietnam$xPolitics and government$y1945-1975 615 0$aVietnam War, 1961-1975 615 7$aSoutheast Asia 676 $a959.704/3 676 $a959.7043 700 $aTurley$b William S$01489350 801 0$bAU-PeEL 801 1$bAU-PeEL 801 2$bAU-PeEL 801 2$bCaOLU 906 $aBOOK 912 $a9910782382103321 996 $aThe Second Indochina War$93710030 997 $aUNINA LEADER 02386nam0 22004813i 450 001 LO10089235 005 20251003044207.0 020 $aIT$b81-7665 100 $a19920604d1979 ||||0itac50 ba 101 | $aita 102 $ait 181 1$6z01$ai $bxxxe 182 1$6z01$an 200 1 $aPotere e democrazia nel sindacato$fa cura di Giuseppe Della Rocca 210 $aRoma$cEL$dc1979 215 $a237 p.$d21 cm 225 | $aStudi e ricerche$v6 300 $aIn testa al front.: Fondazione Seveso 410 0$1001CFI0002853$12001 $aStudi e ricerche$v6 606 $aSindacati$xOrganizzazione -Congressi$x1978$2FIR$3LO1C051691$9I 676 $a331.87$9ORGANIZZAZIONE SINDACALE$v20 676 $a331.880945$9SINDACATI. Italia$v19 676 $a331.880945$9SINDACATI. Italia$v23 676 $a331.8811352630945$9SINDACATI. IMPIEGO PUBBLICO. Italia$v22 686 $aIT/4436.0$cLAVORO SINDACATI DEI LAVORATORI ITALIA 1968-1989$2R 686 $aIT/4436.8$cORGANIZZAZIONI SINDACALI E ALTRE ITALIA 1968-1989$2R 686 $aX0.8/1978$cCONFERENZE CONGRESSI E CONVEGNI (ATTI DI) 1978$2R 696 $aAssociazioni sindacali$aOrganizzazioni sindacali$aOrganizzazione sindacale 699 $aSindacati$yAssociazioni sindacali 699 $aSindacati$yOrganizzazioni sindacali 699 $aSindacati$zOrganizzazione sindacale 702 1$aDella Rocca$b, Giuseppe$f <1939- >$3RMGV060659 712 02$aFondazione regionale Pietro Seveso$3TO0V103938 791 02$aFondazione Pietro Seveso$3LO1V261641$zFondazione regionale Pietro Seveso 801 3$aIT$bIT-000000$c19920604 850 $aIT-BN0095 $aIT-NA0079 901 $bNAP BN$cB $nComprende volumi con collocazioni per formato catalogati prima del 1987. La consegna del doc. é effettuata dall'Uff. Distribuzione. 901 $bNAP 01$cPOZZO LIB.$nVi sono collocati fondi di economia, periodici di ingegneria e scienze, periodici di economia e statistica e altri fondi comprendenti documenti di economia pervenuti in dono. 912 $aLO10089235 950 0$aBiblioteca Centralizzata di Ateneo$c1 v.$d 01POZZO LIB.F. SANTI 301$e 0101 0060032355E VMA 1 v. (Precedente collocazione S 298)$fB $h20221107$i20221107 977 $a 01$a BN 996 $aPotere e democrazia nel sindacato$9687529 997 $aUNISANNIO